Hausenblasová, Jaroslava. Der Hof Kaiser Rudolfs II.. - Prag : Artefactum. - 2002 [Rezension]

Titel: Hausenblasová, Jaroslava. Der Hof Kaiser Rudolfs II.. - Prag : Artefactum. - 2002 [Rezension]
Verfasser:
In: Acta Comeniana, Band 17 (41) (2003), Seite 288-291
alle Artikel anzeigen
Veröffentlicht: 2003
Format: Aufsatz
Sprache: Tschechisch
Kein Bild verfügbar
X
alg: 39518240
001A    $01999:12-11-16 
001B    $01999:09-08-21 $t17:42:20.000 
001D    $01999:12-11-16 
001U    $0utf8 
001X    $00 
002@    $0Aox 
003@    $0395182409 
007A    $0395182409 $aHEB 
007T    $0Herdp28646 
010@    $acze 
011@    $a2003 
021A    $aHausenblasová, Jaroslava. Der @Hof Kaiser Rudolfs II.. - Prag : Artefactum. -  2002 [Rezension] 
028A    $aVybíral $dZdeněk 
031A    $d17 (41) $h288-291 $j2003 
039B    $aIn $8--Abvc--. Acta Comeniana. - Praha : Filosofia, 1969-. - ISSN 0231-5955 $x200300000170000712 $9047438355 
039T    $8--Aau--Hausenblasová, Jaroslava$Z1957- [Tp3]. Der @Hof Kaiser Rudolfs II.. - 1. Aufl.. - Prag : Artefactum, 2002. - 574 S.. - graph. Darst.. - ISBN 80-902279-7-X $9112116469 
045F    $a900.94371 $eDDC23BSB 
045F/01 $a900 
045F/03 $g4371 
045T    $a5,3 $a7,41 

lok: 39518240 78

exp: 39518240 78 1 #EPN
201B/01 $026-11-17 $t04:08:18.000 
201U/01 $0utf8 
203@/01 $0791494535 
208@/01 $a12-11-16 $be 
209A/01 $a/ $f000 $x00 
220C/01 $aHerkunft: HÚ AV ČR Praha 
244Z/01 $#Tschechien $#Tschechische Republik $#Tschechische Republik $#Tschechenland $#Tschechei Tschechien $#Česká Republika $#Czech Republic $#ČR $74303381-7 $8--Tg1--Tschechien $x01 $9086659812 
244Z/01 $2Trx $#Böhmen $#Bohemia $#Czechy $8--Trx--Čechy $x02 $9391188941 
244Z/01 $2Trx $#arvustused $#recenzijos $#Reviews $#recenziók $#recenzje $#recenzie $#recenze $8--Trx--Rezensionen $x03 $9391357441 
247C/01 $82080>Marburg/Lahn, Herder-Institut, Forschungsbibliothek, Bibliographieportal $9336309341
LEADER 00000caa a22000002c 4500
001 395182409
003 DE-603
005 20210809174220.0
007 tu
008 161112s2003 xx |||| | u00||u|cze c
035 |a (DE-599)HEB395182409 
040 |a DE-603  |b ger  |c DE-603  |d DE-603 
041 |a cze 
082 0 4 |8 1\u  |a 900.94371  |q DE-101  |2 23/BSB 
084 |a 5,3  |a 7,41  |2 ssgn 
085 |8 1\u  |b 900 
085 |8 1\u  |z 2  |s 4371 
100 1 |a Vybíral, Zdeněk 
245 0 0 |a ˜Hausenblasová, Jaroslava. Derœ Hof Kaiser Rudolfs II.. - Prag : Artefactum. - 2002 [Rezension] 
264 0 |c 2003 
773 0 8 |i In  |t Acta Comeniana  |d Praha : Filosofia, 1969-  |x 0231-5955  |g Band 17 (41) (2003), Seite 288-291  |w (DE-603)047438355  |w (DE-600)253066-1 
787 0 8 |i Rezension von  |a Hausenblasová, Jaroslava, 1957-  |t ˜Derœ Hof Kaiser Rudolfs II.  |b 1. Aufl.  |d Prag : Artefactum, 2002  |h 574 S., graph. Darst.  |z 809022797X  |w (DE-603)112116469 
924 0 |9 2080  |a (DE-603)791494535  |b DE-2080  |c HES  |d d  |g /